Farr's physics for medical imaging. (2nd ed.) (Record no. 31439)

MARC details
000 -LEADER
fixed length control field 00668nam a2200169 a 4500
008 - FIXED-LENGTH DATA ELEMENTS--GENERAL INFORMATION
fixed length control field 150224s2008 ||||||||||||||||| || u
020 ## - INTERNATIONAL STANDARD BOOK NUMBER
International Standard Book Number 9780702028441
050 ## - LIBRARY OF CONGRESS CALL NUMBER
Classification number RG 895 All
100 ## - MAIN ENTRY--PERSONAL NAME
Personal name Roberts, Penelope Allisy
245 10 - TITLE STATEMENT
Title Farr's physics for medical imaging. (2nd ed.)
Statement of responsibility, etc. By Penelope Allisy-Robert [and] Jerry Williams
250 ## - EDITION STATEMENT
Edition statement 2nd ed.
260 ## - PUBLICATION, DISTRIBUTION, ETC.
Place of publication, distribution, etc. Edinburgh
Name of publisher, distributor, etc. Saunders Elsevier
Date of publication, distribution, etc. 2008
300 ## - PHYSICAL DESCRIPTION
Extent viii, 207p.: ill.
350 ## -
-- 188.95
650 #0 - SUBJECT ADDED ENTRY--TOPICAL TERM
Topical term or geographic name entry element MEDICAL PHYSICS
995 ## -
-- MEDICAL LIBRARY OPEN ACCESS
-- 902964
-- CBU-SCHOOL OF MEDICINE LIBRARY (Ndola)
-- 188.95
-- RG 895 All
-- 1
-- AVAILABLE
-- Mar 16, 2015
-- 902964
-- Medical Library Open Access Collection
999 ## -
-- 31439
-- 31439
Holdings
Withdrawn status Lost status Source of classification or shelving scheme Damaged status Not for loan Permanent Location Current Location Shelving location Date acquired Total Checkouts Full call number Barcode Date last seen Price effective from Koha item type
          CBU-SCHOOL OF MEDICINE LIBRARY, NDOLA. CBU-SCHOOL OF MEDICINE LIBRARY, NDOLA.   11/30/2022   RG 895 All 902964 11/30/2022 11/30/2022 MONOGRAPH